[Event "GRE-chT Online Rapid op 1st"]
[Site "Tornelo INT"]
[Date "2021.02.20"]
[Round "3.23"]
[White "Siempos, Konstantinos"]
[Black "Stoimenidis, Dimitrios"]
[Result "1-0"]
[WhiteElo "1886"]
[BlackElo "1786"]
[PlyCount "64"]
[EventDate "2021.02.20"]
[EventType "team-swiss (rapid)"]
[EventRounds "9"]
[EventCountry "GRE"]
[SourceTitle "EXT 2023"]
[Source "ChessBase"]
[SourceDate "2022.10.05"]
[SourceVersion "1"]
[SourceVersionDate "2022.10.05"]
[SourceQuality "1"]

1. e4 e5 2. Nf3 Nc6 3. Bc4 Bc5 4. c3 Nf6 5. d4 exd4 6. cxd4 Bb4+ 7. Bd2 Bxd2+ 8. Nbxd2 d5 9. exd5 Nxd5 10. Qb3 Nce7 11. 0-0 0-0 12. Rfe1 c6 13. Ne4 Nb6 14. Bd3 Ned5 15. Nc5 Nf4 16. Be4 Qd6 17. Rad1 Be6 18. Qc2 f5 19. Nxb7 Qc7 20. Bxc6 Rac8 21. Rc1 Rf6 22. Ne5 Kh8 23. Qd2 Ng6 24. Nxg6+ Rxg6 25. d5 Rh6 26. Rxe6 Qxh2+ 27. Kf1 Qh1+ 28. Ke2 Qxg2 29. Rxh6 Qg4+ 30. Kf1 gxh6 31. Qc3+ Kg8 32. Qg3 Nxd5 1-0

[Event "GRE-chT 37th"]
[Site "Kallithea"]
[Date "2009.07.06"]
[Round "6"]
[White "Goumas, Georgios"]
[Black "Siempos, Konstantinos"]
[Result "1-0"]
[WhiteElo "2315"]
[BlackElo "1944"]
[PlyCount "63"]
[EventDate "2009.07.03"]
[EventType "team-tourn"]
[EventRounds "9"]
[EventCountry "GRE"]
[SourceTitle "CBM 131 Extra"]
[Source "ChessBase"]
[SourceDate "2009.09.03"]
[SourceVersion "2"]
[SourceVersionDate "2009.09.16"]
[SourceQuality "1"]

1. Nf3 c5 2. c4 Nc6 3. d4 cxd4 4. Nxd4 g6 5. Nc3 Bg7 6. Nc2 Nf6 7. e4 d6 8. Be2 0-0 9. 0-0 Bd7 10. Be3 Rc8 11. f3 b6 12. Qd2 Ne5 13. b3 Bc6 14. Rfd1 Ne8 15. f4 Nd7 16. Nd4 Bb7 17. Rac1 Nc5 18. Bf3 Nc7 19. Qf2 N7e6 20. Nxe6 Nxe6 21. e5 Bxf3 22. Qxf3 Nc7 23. Rd3 Qd7 24. Rcd1 Rfd8 25. Ne4 Ne8 26. Ng5 Qc6 27. e6 fxe6 28. Qh3 Nc7 29. Qxh7+ Kf8 30. Qxg6 Qe8 31. Nxe6+ Nxe6 32. Qxe6 1-0

[Event "GRE-chT 36th"]
[Site "Kallithea"]
[Date "2008.07.07"]
[Round "3.10"]
[White "Hrisanthopoulos, Dimitrios"]
[Black "Siempos, Konstantinos"]
[Result "1-0"]
[WhiteElo "2175"]
[BlackElo "1975"]
[PlyCount "55"]
[EventDate "2008.07.06"]
[EventType "team-tourn"]
[EventRounds "7"]
[EventCountry "GRE"]
[SourceTitle "CBM 125 Extra"]
[Source "ChessBase"]
[SourceDate "2008.09.01"]
[SourceVersion "1"]
[SourceVersionDate "2008.09.01"]
[SourceQuality "1"]

1. e4 c5 2. Nf3 Nc6 3. Bb5 g6 4. c3 Bg7 5. 0-0 a6 6. Bxc6 bxc6 7. d4 cxd4 8. cxd4 d6 9. h3 Nf6 10. Nc3 0-0 11. Re1 e6 12. Qc2 Bb7 13. Be3 Qa5 14. b4 Qd8 15. Rab1 Nd7 16. Red1 Qe7 17. a4 Rac8 18. a5 e5 19. dxe5 dxe5 20. Na4 Rfd8 21. Qc4 h6 22. Nb6 Nxb6 23. Bxb6 Rxd1+ 24. Rxd1 Kh7 25. Qd3 Re8 26. Qd7 Bf6 27. Bc5 Bc8 28. Bxe7 1-0

[Event "GRE Cup sf"]
[Site "Kallithea"]
[Date "2008.07.03"]
[Round "1"]
[White "Siempos, Konstantinos"]
[Black "Mastrovasilis, Athanasios"]
[Result "0-1"]
[WhiteElo "1975"]
[BlackElo "2518"]
[PlyCount "60"]
[EventDate "2008.07.03"]
[EventType "team"]
[EventRounds "2"]
[EventCountry "GRE"]
[SourceTitle "CBM 125 Extra"]
[Source "ChessBase"]
[SourceDate "2008.09.01"]
[SourceVersion "1"]
[SourceVersionDate "2008.09.01"]
[SourceQuality "1"]

1. e4 c5 2. c3 Nf6 3. e5 Nd5 4. d4 cxd4 5. cxd4 e6 6. Bc4 d6 7. Nf3 Nb6 8. Bb3 dxe5 9. dxe5 Qxd1+ 10. Bxd1 Bd7 11. 0-0 Na6 12. Nc3 Be7 13. Be2 0-0 14. Be3 Rfc8 15. Bxb6 axb6 16. Rfd1 Be8 17. Ne4 Rc2 18. Rd2 Rxd2 19. Nfxd2 Bc6 20. Bxa6 Rxa6 21. a3 Ra5 22. f4 Ra4 23. Re1 Rd4 24. Re2 b5 25. Kf2 Bd8 26. g3 b4 27. Nd6 bxa3 28. bxa3 Bb6 29. Ke1 Ba5 30. Kd1 Bf3 0-1

[Event "Patras op"]
[Site "Patras"]
[Date "2002.08.03"]
[Round "4.19"]
[White "Siempos, Konstantinos"]
[Black "Liakos, Dimitris"]
[Result "0-1"]
[WhiteElo "1770"]
[BlackElo "2093"]
[PlyCount "67"]
[EventDate "2002.08.??"]
[EventType "swiss"]
[EventRounds "9"]
[EventCountry "GRE"]
[SourceTitle "CBM 089 Extra"]
[Source "ChessBase"]
[SourceDate "2002.09.10"]
[SourceVersion "2"]
[SourceVersionDate "2002.09.10"]
[SourceQuality "1"]

1. e4 e5 2. Nf3 Nc6 3. Bc4 Nf6 4. d3 Be7 5. Nc3 d6 6. h3 0-0 7. Nd5 Nxd5 8. Bxd5 Bf6 9. c3 Ne7 10. Bb3 c6 11. d4 Qc7 12. dxe5 dxe5 13. Qe2 b6 14. a4 Bb7 15. 0-0 Rad8 16. Qc4 Qc8 17. Qe2 h6 18. Nh2 Ng6 19. Ng4 Be7 20. Bxh6 Ba6 21. Bc4 Bxc4 22. Qxc4 gxh6 23. Nxh6+ Kg7 24. Nf5+ Kh7 25. Qe2 Nf4 26. Qg4 Bf6 27. Rfd1 Rg8 28. Rxd8 Qxd8 29. Qf3 Rxg2+ 30. Kh1 Qd2 31. Rf1 Qxb2 32. Nd6 Qa2 33. Nf5 Rg6 34. Ne3 0-1

[Event "Patras op"]
[Site "Patras"]
[Date "2002.08.02"]
[Round "3.13"]
[White "Sigalas, Frangiskos"]
[Black "Siempos, Konstantinos"]
[Result "1/2-1/2"]
[WhiteElo "2153"]
[BlackElo "1770"]
[PlyCount "38"]
[EventDate "2002.08.??"]
[EventType "swiss"]
[EventRounds "9"]
[EventCountry "GRE"]
[SourceTitle "CBM 089 Extra"]
[Source "ChessBase"]
[SourceDate "2002.09.10"]
[SourceVersion "2"]
[SourceVersionDate "2002.09.10"]
[SourceQuality "1"]

1. e4 b6 2. d4 Bb7 3. Bd3 Nf6 4. Nc3 e6 5. a3 c5 6. d5 exd5 7. exd5 d6 8. Bc4 Nbd7 9. Nf3 Be7 10. 0-0 0-0 11. h3 a6 12. a4 h6 13. Bf4 Re8 14. Re1 Bf8 15. Qd3 Qc7 16. Rxe8 Nxe8 17. Re1 Ndf6 18. g4 Qd7 19. g5 Nh5 1/2-1/2